[Event "Mexican op 67th"]
[Site "Chihuahua City"]
[Date "2022.04.12"]
[Round "1"]
[White "Diaz Rosas, Julio Cesar"]
[Black "Pena Davalos, David"]
[Result "1-0"]
[WhiteElo "2360"]
[BlackElo "1776"]
[PlyCount "55"]
[EventDate "2022.04.12"]
[EventType "swiss"]
[EventRounds "9"]
[EventCountry "MEX"]
[SourceTitle "CBM 207 Extra"]
[Source "ChessBase"]
[SourceDate "2022.05.31"]
[SourceVersion "1"]
[SourceVersionDate "2022.05.31"]
[SourceQuality "1"]

1. e4 e6 2. d4 d5 3. e5 c5 4. c3 Nc6 5. Nf3 Bd7 6. Be2 f6 7. 0-0 fxe5 8. dxe5 Qc7 9. Re1 0-0-0 10. Bf1 h6 11. b4 cxb4 12. cxb4 Bxb4 13. Bd2 Bxd2 14. Nbxd2 Nge7 15. Nb3 g5 16. Rc1 Kb8 17. Nc5 Bc8 18. Nd4 Qa5 19. Ncxe6 Bxe6 20. Nxe6 Rc8 21. Rc5 Qxa2 22. Re2 Qa3 23. Qb1 Nb4 24. Re3 Qa4 25. Rb3 Nec6 26. Bb5 Qa2 27. Qxa2 Nxa2 28. Bxc6 1-0